[Event "Tomsk City-ch"]
[White "Tregubov, Alexey"]
[Black "Bragin, Aleksandr Borisovic"]
[Site "Tomsk"]
[Round "10"]
[Result "1-0"]
[Date "2007.12.16"]
[WhiteElo "2301"]
[BlackElo "2281"]
[PlyCount "79"]
[EventDate "2007.12.01"]
[EventType "tourn"]
[EventRounds "14"]
[EventCountry "RUS"]
[SourceTitle "CBM 122 Extra"]
[Source "ChessBase"]
[SourceDate "2008.03.04"]
[SourceVersion "1"]
[SourceVersionDate "2008.03.04"]
[SourceQuality "1"]

1. e4 e6 2. d4 d5 3. Nd2 dxe4 4. Nxe4 Be7 5. Nf3 Nd7 6. Bd3 Ngf6 7. Qe2 Nxe4 8. Bxe4 c5 9. c3 cxd4 10. Nxd4 0-0 11. 0-0 Bf6 12. Rd1 Qa5 13. Nb5 a6 14. Nd6 Qc7 15. Nxc8 Rfxc8 16. Bxh7+ Kxh7 17. Qd3+ Kg8 18. Qxd7 Rd8 19. Qa4 b5 20. Qb3 Rxd1+ 21. Qxd1 Rd8 22. Qb3 Qc4 23. Be3 Qe2 24. h3 Be5 25. a4 b4 26. Bd4 Bxd4 27. cxd4 Rxd4 28. a5 Rd2 29. Qg3 Rxb2 30. Rc1 g6 31. Rc8+ Kg7 32. Qh4 Rb1+ 33. Kh2 Qe5+ 34. g3 Qh5 35. Qd4+ e5 36. Qc5 Qf3 37. Qxe5+ f6 38. Qe7+ Kh6 39. Rh8+ Kg5 40. Qc5+ 1-0

[Event "Tomsk City-ch"]
[White "Tregubov, Alexey"]
[Black "Gankin, Stanislav"]
[Site "Tomsk"]
[Round "4"]
[Result "1-0"]
[Date "2007.12.05"]
[WhiteElo "2301"]
[BlackElo "2308"]
[PlyCount "87"]
[EventDate "2007.12.01"]
[EventType "tourn"]
[EventRounds "14"]
[EventCountry "RUS"]
[SourceTitle "CBM 122 Extra"]
[Source "ChessBase"]
[SourceDate "2008.03.04"]
[SourceVersion "1"]
[SourceVersionDate "2008.03.04"]
[SourceQuality "1"]

1. e4 e6 2. d4 d5 3. Nd2 Nf6 4. e5 Ng8 5. Bd3 b6 6. Ngf3 Qd7 7. Qe2 a5 8. 0-0 Ba6 9. c4 Ne7 10. b3 Nbc6 11. Bb2 Nb4 12. Bb1 Bb7 13. a3 Na6 14. Rd1 a4 15. b4 dxc4 16. Qxc4 Bd5 17. Qe2 c6 18. Nc4 Nc8 19. Rc1 b5 20. Na5 Na7 21. Be4 Bxe4 22. Qxe4 Rc8 23. Rc2 Be7 24. Rac1 Nb8 25. Bc3 0-0 26. Bd2 h6 27. Be3 Rfd8 28. h4 Bf8 29. Rc3 Re8 30. Qg4 Kh8 31. Nd2 Rc7 32. Ne4 Rd8 33. Bg5 Be7 34. Bxh6 gxh6 35. Rg3 Bg5 36. hxg5 Qxd4 37. Qh4 f5 38. Qxh6+ Rh7 39. Qf6+ Kg8 40. Qxe6+ Kh8 41. Qf6+ Kg8 42. Nd6 Rf8 43. Qe6+ Kh8 44. g6 1-0

[Event "Izmailov Memorial op 10th"]
[White "Tregubov, Alexey"]
[Black "Timofeeva, Ekaterina"]
[Site "Tomsk"]
[Round "9"]
[Result "0-1"]
[Date "2006.07.20"]
[WhiteElo "2305"]
[BlackElo "2246"]
[PlyCount "88"]
[EventDate "2006.07.12"]
[EventType "swiss"]
[EventRounds "9"]
[EventCountry "RUS"]
[SourceTitle "EXT 2008"]
[Source "ChessBase"]
[SourceDate "2007.11.25"]
[SourceVersion "1"]
[SourceVersionDate "2007.11.25"]
[SourceQuality "1"]

1. e4 d6 2. d4 Nf6 3. Nc3 e5 4. Nf3 Nbd7 5. Bc4 Be7 6. 0-0 0-0 7. Re1 a6 8. a4 b6 9. Ne2 Bb7 10. Ng3 h6 11. c3 c6 12. Ba2 b5 13. dxe5 dxe5 14. Nh4 Kh7 15. Nhf5 Nc5 16. Nxe7 Qxe7 17. Nf5 Qd8 18. Qf3 Ne8 19. Rd1 Qf6 20. Qe3 Rd8 21. Rf1 Nd3 22. Bb1 Nxc1 23. Rxc1 Nd6 24. Bd3 Rd7 25. Qc5 Rfd8 26. Ne3 Qf4 27. axb5 cxb5 28. Nd5 Bxd5 29. exd5+ e4 30. Bf1 Nf5 31. g3 Qg4 32. Rxa6 Rxd5 33. Qc7 e3 34. fxe3 Nxe3 35. Qf4 Qxf4 36. gxf4 Rd2 37. Bxb5 Rg2+ 38. Kh1 Rdd2 39. Bc6 Rxh2+ 40. Kg1 Rh3 41. b4 Rg3+ 42. Kh1 Ng4 43. Be4+ g6 44. Rc2 Rd1# 0-1

[Event "Izmailov Memorial op 10th"]
[White "Tregubov, Alexey"]
[Black "Gajsin, Evgenij"]
[Site "Tomsk"]
[Round "5"]
[Result "0-1"]
[Date "2006.07.16"]
[WhiteElo "2305"]
[BlackElo "2467"]
[PlyCount "38"]
[EventDate "2006.07.12"]
[EventType "swiss"]
[EventRounds "9"]
[EventCountry "RUS"]
[SourceTitle "EXT 2008"]
[Source "ChessBase"]
[SourceDate "2007.11.25"]
[SourceVersion "1"]
[SourceVersionDate "2007.11.25"]
[SourceQuality "1"]

1. d4 Nf6 2. c4 g6 3. Nc3 d5 4. Nf3 Bg7 5. Bg5 dxc4 6. e3 Be6 7. Nd2 Nd5 8. Qa4+ c6 9. Qa3 b5 10. Nce4 Nd7 11. Nc5 b4 12. Qa4 Nxc5 13. dxc5 Bxb2 14. Rb1 Nc3 15. Qxc6+ Bd7 16. Qf3 Nxb1 17. Bxc4 0-0 18. Nxb1 Rc8 19. Bh6 Rxc5 0-1

[Event "RUS-Cup01"]
[White "Tregubov, Alexey"]
[Black "Dashibalov, Erdem"]
[Site "Tomsk"]
[Round "9"]
[Result "1-0"]
[Date "2003.07.12"]
[WhiteElo "2354"]
[BlackElo "2191"]
[PlyCount "89"]
[EventDate "2003.07.04"]
[EventType "swiss"]
[EventRounds "9"]
[EventCountry "RUS"]
[SourceTitle "CBM 095 Extra"]
[Source "ChessBase"]
[SourceDate "2003.09.04"]
[SourceVersion "1"]
[SourceVersionDate "2003.09.04"]
[SourceQuality "1"]

1. e4 e5 2. Nf3 Nc6 3. d4 exd4 4. Nxd4 Bc5 5. Nb3 Bb6 6. Nc3 Nf6 7. Bd3 d6 8. 0-0 Be6 9. Na4 h6 10. Nxb6 axb6 11. Re1 0-0 12. c4 Ne5 13. Qc2 Nxd3 14. Qxd3 Ng4 15. Qg3 Qf6 16. f4 Bxc4 17. Bd2 Bxb3 18. Bc3 Qg6 19. f5 Qh5 20. axb3 f6 21. Rac1 Rac8 22. Red1 Rfd8 23. h3 Ne5 24. Bxe5 fxe5 25. Rf1 Rf8 26. Rc3 Rf6 27. Rfc1 c6 28. Qe3 b5 29. Qb6 Qf7 30. g4 Qc7 31. Qxb5 Ra8 32. Qb4 Rff8 33. Rd1 Rfd8 34. Kg2 Ra2 35. Rc2 Kh8 36. h4 Ra6 37. Rd3 Ra1 38. g5 Qb8 39. Qb6 Re1 40. Qb4 Rb1 41. Rf2 Qc7 42. Rg3 Qf7 43. gxh6 gxh6 44. Rg6 Rd1 45. Rxh6+ 1-0

[Event "RUS-Cup01"]
[White "Tregubov, Alexey"]
[Black "Logunov, Maxim"]
[Site "Tomsk"]
[Round "6"]
[Result "0-1"]
[Date "2003.07.09"]
[WhiteElo "2354"]
[BlackElo "2422"]
[PlyCount "144"]
[EventDate "2003.07.04"]
[EventType "swiss"]
[EventRounds "9"]
[EventCountry "RUS"]
[SourceTitle "CBM 095 Extra"]
[Source "ChessBase"]
[SourceDate "2003.09.04"]
[SourceVersion "1"]
[SourceVersionDate "2003.09.04"]
[SourceQuality "1"]

1. e4 c5 2. Nf3 Nc6 3. Bb5 d6 4. 0-0 Bd7 5. Re1 a6 6. Bf1 Bg4 7. h3 Bh5 8. c3 Nf6 9. d3 e6 10. Nbd2 Be7 11. Be2 0-0 12. Nf1 d5 13. Ng3 Bg6 14. Nh4 b5 15. Nxg6 hxg6 16. exd5 Nxd5 17. Bf3 Qc7 18. Qc2 Rfd8 19. Bd2 Rab8 20. a3 Ne5 21. Be2 g5 22. Ne4 Nf4 23. Bxf4 gxf4 24. Rad1 f3 25. Bxf3 Nxf3+ 26. gxf3 Qf4 27. Kg2 Rd5 28. Ng3 Rbd8 29. Qe2 Bh4 30. Qe4 Qxe4 31. Rxe4 Bf6 32. a4 Rxd3 33. Rxd3 Rxd3 34. axb5 axb5 35. Re2 c4 36. Ne4 Be7 37. Rc2 f5 38. Nd2 Bf6 39. Nb1 Kf7 40. Na3 Rd5 41. Re2 Be7 42. Nc2 Bc5 43. Kf1 Kf6 44. Kg2 Rd3 45. Ne1 Rd1 46. Nc2 g5 47. Ne3 Rd3 48. Nf1 Bd6 49. Re1 Bf4 50. Ra1 b4 51. cxb4 Rb3 52. Ra2 Ke5 53. Ng3 Bc1 54. Ra5+ Kf6 55. Ne2 Bxb2 56. f4 Rxb4 57. fxg5+ Kxg5 58. Rc5 e5 59. Rc6 e4 60. Rc5 Kf6 61. Ng3 Be5 62. Rc6+ Kg5 63. h4+ Kf4 64. h5 c3 65. Ne2+ Kg4 66. Nxc3 f4 67. f3+ exf3+ 68. Kf1 Bxc3 69. Rxc3 Rb1+ 70. Kf2 Rb2+ 71. Ke1 Kg3 72. h6 Kg2 0-1

[Event "RUS-Cup01"]
[White "Kron, Valentin"]
[Black "Tregubov, Alexey"]
[Site "Tomsk"]
[Round "5"]
[Result "1/2-1/2"]
[Date "2003.07.08"]
[WhiteElo "2407"]
[BlackElo "2354"]
[PlyCount "80"]
[EventDate "2003.07.04"]
[EventType "swiss"]
[EventRounds "9"]
[EventCountry "RUS"]
[SourceTitle "CBM 095 Extra"]
[Source "ChessBase"]
[SourceDate "2003.09.04"]
[SourceVersion "1"]
[SourceVersionDate "2003.09.04"]
[SourceQuality "1"]

1. d4 d5 2. Nf3 Nf6 3. c4 dxc4 4. e3 e6 5. Bxc4 c5 6. 0-0 cxd4 7. exd4 Be7 8. Nc3 0-0 9. Bg5 Nc6 10. a3 h6 11. Bh4 Nh5 12. Bxe7 Nxe7 13. Re1 Nf6 14. Qd3 b6 15. Rad1 Bb7 16. Ba2 Re8 17. Ne5 Ned5 18. Nxd5 Bxd5 19. Bb1 Kf8 20. Rc1 Rc8 21. Rc3 Re7 22. f3 Rec7 23. Rec1 Bb7 24. h3 Qd6 25. Rxc7 Rxc7 26. Rxc7 Qxc7 27. Qd2 Nd5 28. Be4 f6 29. Bxd5 Bxd5 30. Ng4 Kf7 31. Kf2 Bb7 32. Ne3 g5 33. Qd3 Kg7 34. Qc3 Qd6 35. Qc4 h5 36. Qa4 a5 37. Qc4 Kg6 38. b4 axb4 39. Qxb4 Qxb4 40. axb4 Ba6 1/2-1/2

[Event "RUS-Cup01"]
[White "Tregubov, Alexey"]
[Black "Popov, Eugeny Vladimirovic"]
[Site "Tomsk"]
[Round "2"]
[Result "1/2-1/2"]
[Date "2003.07.05"]
[WhiteElo "2354"]
[BlackElo "2144"]
[PlyCount "58"]
[EventDate "2003.07.04"]
[EventType "swiss"]
[EventRounds "9"]
[EventCountry "RUS"]
[SourceTitle "CBM 095 Extra"]
[Source "ChessBase"]
[SourceDate "2003.09.04"]
[SourceVersion "1"]
[SourceVersionDate "2003.09.04"]
[SourceQuality "1"]

1. e4 Nf6 2. e5 Nd5 3. d4 d6 4. Nf3 g6 5. Bc4 Nb6 6. Bb3 Bg7 7. Bf4 Nc6 8. h3 dxe5 9. Nxe5 Nxe5 10. Bxe5 Bxe5 11. dxe5 Qxd1+ 12. Kxd1 Bd7 13. Nc3 Bc6 14. f3 Rd8+ 15. Ke2 e6 16. Rhe1 Ke7 17. Rad1 a5 18. a3 h5 19. h4 Rxd1 20. Nxd1 Bb5+ 21. Kd2 Bc4 22. Bxc4 Nxc4+ 23. Kc3 Nb6 24. Ne3 Rd8 25. Rd1 Nd5+ 26. Nxd5+ Rxd5 27. Re1 b5 28. g3 c5 29. Re2 Kd7 1/2-1/2